Switch-mode power supplies SPICE simulations and practical designs (Record no. 10936)

000 -LEADER
fixed length control field 00483 a2200157 4500
020 ## - INTERNATIONAL STANDARD BOOK NUMBER
International Standard Book Number 9780071508582
082 ## - DEWEY DECIMAL CLASSIFICATION NUMBER
Classification number 621.381044
090 ## - LOCALLY ASSIGNED LC-TYPE CALL NUMBER (OCLC); LOCAL CALL NUMBER (RLIN)
-- 7132
-- 7132
100 ## - MAIN ENTRY--PERSONAL NAME
Personal name Basso, Christophe P.
245 ## - TITLE STATEMENT
Title Switch-mode power supplies SPICE simulations and practical designs
Statement of responsibility, etc. Christophe P. Basso
260 ## - PUBLICATION, DISTRIBUTION, ETC.
Place of publication, distribution, etc. New York
Name of publisher, distributor, etc. McGraw Hill
Date of publication, distribution, etc. 2008
300 ## - PHYSICAL DESCRIPTION
Extent 889 p.
650 ## - SUBJECT ADDED ENTRY--TOPICAL TERM
Topical term or geographic name entry element Switching power supplies--Design and construction
700 ## - ADDED ENTRY--PERSONAL NAME
Personal name Christophe P. Basso
942 ## - ADDED ENTRY ELEMENTS (KOHA)
Koha item type Book
Call number prefix 621.381044 BAS
Holdings
Withdrawn status Lost status Damaged status Not for loan Collection code Permanent Location Current Location Shelving location Date acquired Source of acquisition Cost, normal purchase price Total Checkouts Full call number Barcode Date last seen Date last checked out Price effective from Koha item type
          Central Library (CL) Central Library (CL) General Stacks 07/10/2012 Progressive International Agencies 7559.02 1 621.381044 BAS SEECS011351 10/01/2022 02/18/2022 01/05/2017 Book
© 2023 Central Library, National University of Sciences and Technology. All Rights Reserved.